000 00725nam a2200217 a 4500
001 BRCA_1267
005 20190320203344.0
008 101105s1995----sp-a---###---#000-0#spa-d
020 _a8437613442
050 4 _aN6502.3
_b.P56 1995
245 1 0 _aPintura, escultura y artes útiles en Iberoamérica, 1500-1825
_cRamón Gutiérrez (coordinador).
260 _aEspaña
_bCátedra
_c1995
300 _a444 p.
_bil.
_c21 cm.
440 0 _aManuales arte cátedra
_94171
500 _aIncluye índice toponímico y onomástico
504 _aBibliografía : p. 405-425
650 1 4 _aArte Latinoamericano
_y1500-1825
_94172
650 1 4 _aArte colonial
_zAmérica Latina
_93751
700 1 _aGutiérrez, Ramón
_93697
942 _2lcc
_cB
999 _c1136
_d1136